000 00948cam a2200229 a 4500
001 sa 68000555
003 DLC
005 20260227112425.0
008 990324m19809999ii 000 0 san
010 _asa 68000555
040 _aDLC
_cWaU
_dDLC
050 0 0 _aPK541
_b.B48 1963a
100 0 _aBhartr̥hari
245 1 0 _aVākyapadīyam /
_cŚrīraghunāthaśarmaṇā viracitayā ; Ambākartrīsamākhyayā vyākhyayāsahitam ; Ko. A. Subrahmaṇya-Ayyara-likhitopoddhātasamalaṅkr̥tam.
260 _aVārāṇasyām :
_bDirector, Research Institute, Varanaseya Sanskrit Vishwavidyalaya,
_c1885-<1919 > [1963-<1997 >
300 _av. <1-3; 3 in 2 > ;
_c25 cm.
440 0 _aSarasvatībhavana-granthamālā ;
_v91
500 _aIn Sanskrit.
505 1 _a1. Brahmakāṇaḍam -- 2. Vākykāṇḍam.- 3. (pt. i-ii) Padakāṇḍa
650 0 _aSanskrit language
_xGrammar.
700 1 2 _aŚarmā, Raghunātha,
_d1901-1989.
_tAmbākartrī.
999 _c77293
_d77293